000 00198nam a22000857a 4500
020 _a9788175355705
082 _aK423
245 _aMIG THE PIG AND PAM AND THE KID - BOOK 3 - SHORT "I" SOUND
942 _cBK
999 _c5079
_d5079